Metodické otázky projektovania riadiaceho aparátu socialistických hospodárskych organizácií v priemysle

Podrobná bibliografia
Hlavný autor: Sedlák, Mikuláš, 1928-2015 (Autor)
Médium: Článok
Jazyk:slovenčina
Fyzický popis:Res. rus.
Predmet:

MARC

LEADER 00000nab a2200000 a 4500
001 vtls000180116
003 SK-MaSNL
005 20260304064000.0
008 250422c1983 xo 0 slo
015 |a SNBRB19rr/mm-uuuuu 
035 |a CL0190229 
035 |a urn:nbn:sk:snk-ab2fts 
035 |a (urnnbn)urn:nbn:sk:snk:ar-a02dd4 
035 |a (uuid)c4e4fb28-42f2-41b8-ab5e-2d40b5828618 
040 |a SNKBUCL  |b slo  |c SNKBUCL  |e AACR2 
041 0 |a slo 
044 |a xo  |c SK 
080 |a 65.014.1  |2 1981 
100 1 |a Sedlák, Mikuláš,  |d 1928-2015  |4 aut  |9 210294 
245 1 0 |a Metodické otázky projektovania riadiaceho aparátu socialistických hospodárskych organizácií v priemysle  |c Mikuláš Sedlák 
300 |b Res. rus. 
650 0 7 |a organizácie hospodárske socialistické  |2 snkbucl  |9 1351175 
650 0 7 |a aparát riadiaci  |2 snkbucl  |9 923257 
655 7 |a články z novín a časopisov  |2 snkbucl  |9 267496 
773 0 |t Ekonomické rozhľady  |g Roč. 16, č. 2 (1983), s. 58-64 
850 |a Slovenská národná knižnica 
852 |a Slovenská národná knižnica 
954 |a odborná, vedecká literatúra pôvodná (slovenská)  |2 lita 
958 |a article27 
958 |a RK 
958 |a OND 
958 |a EUIPO 
992 |a RBX 
999 |c 2744749  |d 2746679